[Event "DVM U14 2017"]
[Site "Verden/Aller GER"]
[Date "2017.12.28"]
[Round "4"]
[White "Schnabel, Luise"]
[Black "Goldbeck, Kilian"]
[Result "1-0"]
[Termination "normal"]
[Board "6.3"]
[WhiteElo "1795"]
[BlackElo "1292"]
[WhiteTeam "SV Mattnetz Berlin"]
[BlackTeam "SC Aurich"]
[PlyCount "99"]
[WhiteFideId "12943347"]
[BlackFideId "16255674"]
[EventCountry "GER"]
[EventRounds "7"]
[EventType "team-swiss"]
[EventDate "2017.12.26"]

1. e4 c5 2. Nf3 d6 3. d4 cxd4 4. Nxd4 Nf6 5. Nc3 a6 6. Bg5 e6 7. f4 Be7 8. Qf3
Nbd7 9. Bd3 Qc7 10. O-O-O b5 11. Rhe1 Bb7 12. g4 h6 13. Bh4 b4 14. Nce2 Qa5 15.
Kb1 g5 16. Nb3 Qc7 17. Bg3 gxf4 18. Bxf4 e5 19. Bd2 a5 20. Ng3 O-O-O 21. Nf5
Nc5 22. Nxc5 dxc5 23. Rf1 Ng8 24. Nxe7+ Nxe7 25. Qxf7 Rhf8 26. Qe6+ Kb8 27.
Rxf8 Rxf8 28. Bxh6 Rd8 29. Bg5 Bxe4 30. Qxe7 Rd7 31. Qe8+ Ka7 32. Kc1 Bc6 33.
Qe6 Rg7 34. Be3 Bd7 35. Qc4 Rxg4 36. Qxc5+ Qxc5 37. Bxc5+ Kb7 38. Re1 Rg5 39.
Bd6 Kc6 40. Bxe5 Kd5 41. Bg3 a4 42. Re4 b3 43. axb3 axb3 44. c4+ Kc5 45. Re5+
Rxe5 46. Bxe5 Bh3 47. Kd2 Kc6 48. Kc3 Bc8 49. h4 Kd7 50. Bf5+ {Aufgabe Schwarz}
1-0

[Event "DVM U14 2017"]
[Site "Verden/Aller GER"]
[Date "2017.12.28"]
[Round "4"]
[White "Meyer, Beenke"]
[Black "Grozea, Filip"]
[Result "0-1"]
[Termination "normal"]
[Board "6.4"]
[WhiteElo "1271"]
[BlackElo "1604"]
[WhiteTeam "SC Aurich"]
[BlackTeam "SV Mattnetz Berlin"]
[PlyCount "100"]
[WhiteFideId "16255682"]
[BlackFideId "12958450"]
[EventCountry "GER"]
[EventRounds "7"]
[EventType "team-swiss"]
[EventDate "2017.12.26"]

1. e4 c6 2. d4 d5 3. e5 Bf5 4. Nf3 e6 5. Nc3 c5 6. Ne2 Nc6 7. c3 Qb6 8. Ng3 Bg4
9. Ne2 cxd4 10. cxd4 Nge7 11. h3 Bh5 12. g4 Bg6 13. Bg2 Nb4 14. O-O Nc2 15. Rb1
Nb4 16. Ra1 Rc8 17. a3 Nc2 18. Rb1 Nxa3 19. Qa4+ Nc6 20. bxa3 Bxb1 21. Nd2 Bd3
22. Qd1 Bxe2 23. Qxe2 Nxd4 24. Qd3 Nc6 25. Qg3 Nd4 26. Qd3 Bc5 27. Kh1 Qb5 28.
Qxb5+ Nxb5 29. Nb3 Bxf2 30. Rxf2 O-O 31. a4 Nc3 32. a5 Na4 33. Rf3 Rfd8 34. Bg5
Rd7 35. Be3 a6 36. Bd4 Rdc7 37. h4 Nc3 38. Bb6 Rc4 39. Bd4 Nb5 40. Rd3 Rb4 41.
Bf3 Rxb3 42. Rxb3 Nxd4 43. Rd3 Nxf3 44. Rxf3 Rc5 45. Rb3 Rxa5 46. Rxb7 g6 47.
Rb4 Rb5 48. Ra4 a5 49. Kh2 Rb4 50. Rxa5 Rxg4 {Aufbabe Weiß} 0-1

[Event "DVM U14 2017"]
[Site "Verden/Aller GER"]
[Date "2017.12.28"]
[Round "4"]
[White "Skabs, Denis"]
[Black "Gubariev, Jakob"]
[Result "0-1"]
[Termination "normal"]
[Board "7.2"]
[WhiteElo "1717"]
[BlackElo "1782"]
[WhiteTeam "SF Brackel"]
[BlackTeam "SF Augsburg"]
[PlyCount "92"]
[WhiteFideId "16248449"]
[BlackFideId "16216938"]
[EventCountry "GER"]
[EventRounds "7"]
[EventType "team-swiss"]
[EventDate "2017.12.26"]

1. e4 c5 2. d4 cxd4 3. c3 dxc3 4. Nxc3 a6 5. Bc4 e6 6. Nf3 b5 7. Bb3 Nc6 8. O-O
Nge7 9. Bg5 h6 10. Be3 Ng6 11. Qe2 Be7 12. Rfd1 O-O 13. Nd4 Qc7 14. Rac1 Bb7
15. Qf1 Rac8 16. Nde2 Rfd8 17. f4 Ba8 18. f5 Nge5 19. Ng3 Ng4 20. Bf2 Nxf2 21.
Qxf2 Qe5 22. Kh1 Na5 23. Bc2 Nc4 24. Bd3 Bc5 25. Qe2 Ne3 26. Re1 Bd4 27. a3 Nc4
28. Bxc4 Rxc4 29. Qf3 Bxc3 30. Rxc3 Rxc3 31. bxc3 Rc8 32. Rc1 exf5 33. Qxf5
Rxc3 34. Rxc3 Qxc3 35. h3 Qxg3 36. Qxd7 Qe1+ 37. Kh2 Qxe4 38. Qc8+ Kh7 39. Qg4
Qxg4 40. hxg4 a5 41. Kh3 b4 42. axb4 axb4 43. Kh4 b3 44. g5 hxg5+ 45. Kh5 b2
46. g4 b1=Q {Aufgabe Weiß} 0-1

[Event "DVM U14 2017"]
[Site "Verden/Aller GER"]
[Date "2017.12.28"]
[Round "4"]
[White "Vuckovic, Katarina"]
[Black "Schneider, Daniel"]
[Result "0-1"]
[Termination "normal"]
[Board "7.3"]
[WhiteElo "1288"]
[BlackElo "1545"]
[WhiteTeam "SF Augsburg"]
[BlackTeam "SF Brackel"]
[PlyCount "78"]
[WhiteFideId "16232615"]
[BlackFideId "16248465"]
[EventCountry "GER"]
[EventRounds "7"]
[EventType "team-swiss"]
[EventDate "2017.12.26"]

1. e4 e5 2. Nf3 Nc6 3. d4 exd4 4. Bc4 Nf6 5. e5 d5 6. Bb5 Ne4 7. Nxd4 Bd7 8.
Bxc6 bxc6 9. O-O Bc5 10. Nf3 Bg4 11. Qe2 O-O 12. c4 Re8 13. cxd5 cxd5 14. Nbd2
Rxe5 15. Qd3 Re8 16. Nd4 Nxd2 17. Bxd2 Bd6 18. Nf3 c6 19. Ng5 g6 20. Qd4 h5 21.
Rfe1 Be7 22. Bc3 f6 23. Ne6 Qd6 24. Nf4 Kf7 25. h3 Bf5 26. Re2 Qc5 27. Rxe7+
Qxe7 28. Re1 Qd6 29. Rxe8 Rxe8 30. Qxa7+ Re7 31. Qd4 c5 32. Qxd5+ Qxd5 33. Nxd5
Re6 34. a4 Rd6 35. Ne3 Bd3 36. a5 c4 37. g3 Be4 38. h4 g5 39. hxg5 fxg5 {
Aufgabe Weiß} 0-1

[Event "DVM U14 2017"]
[Site "Verden/Aller GER"]
[Date "2017.12.28"]
[Round "4"]
[White "Römer, Alois"]
[Black "Hamkar, Behzad"]
[Result "1/2-1/2"]
[Termination "normal"]
[Board "7.4"]
[WhiteElo "1317"]
[BlackElo "1145"]
[WhiteTeam "SF Brackel"]
[BlackTeam "SF Augsburg"]
[PlyCount "85"]
[WhiteFideId "16255607"]
[BlackFideId "16255631"]
[EventCountry "GER"]
[EventRounds "7"]
[EventType "team-swiss"]
[EventDate "2017.12.26"]

1. e4 e6 2. d4 d5 3. Nd2 dxe4 4. Nxe4 Nf6 5. Nc3 Nc6 6. Nf3 Be7 7. Bc4 O-O 8.
O-O h6 9. Bf4 Nd5 10. Nxd5 exd5 11. Bb3 Bf6 12. h3 Ne7 13. Re1 Ng6 14. Bg3 c6
15. c3 Qb6 16. Rb1 Bf5 17. Bc2 Bxc2 18. Qxc2 Rfe8 19. Qd2 Rac8 20. Bd6 Be7 21.
Bxe7 Rxe7 22. Rxe7 Nxe7 23. Qe3 Ng6 24. a3 Kf8 25. Ne5 Nxe5 26. Qxe5 Re8 27.
Qd6+ Re7 28. Re1 Qc7 29. Qxc7 Rxc7 30. Re5 Re7 31. Kf1 f6 32. Re2 Rxe2 33. Kxe2
Ke7 34. Ke3 g5 35. f4 Ke6 36. Kf3 Kf5 37. g4+ Ke6 38. f5+ Kd6 39. Ke3 Kc7 40.
Kd2 b5 41. Kc2 a5 42. b4 a4 43. Kd3 1/2-1/2

[Event "DVM U14 2017"]
[Site "Verden/Aller GER"]
[Date "2017.12.28"]
[Round "4"]
[White "Sehmsdorf, Johann"]
[Black "Stirnberg, Noah"]
[Result "1-0"]
[Termination "normal"]
[Board "8.1"]
[WhiteElo "1610"]
[BlackElo "1836"]
[WhiteTeam "SV Dresden-Striesen"]
[BlackTeam "SK Blauer Springer Paderborn"]
[PlyCount "83"]
[WhiteFideId "12985139"]
[BlackFideId "16207742"]
[EventCountry "GER"]
[EventRounds "7"]
[EventType "team-swiss"]
[EventDate "2017.12.26"]

1. e4 c5 2. Nf3 d6 3. d4 cxd4 4. Nxd4 Nf6 5. Nc3 a6 6. g3 e5 7. Nde2 Be7 8. Bg2
O-O 9. O-O Nc6 10. Nd5 Bg4 11. Be3 Nxd5 12. exd5 Nb8 13. h3 Bc8 14. Kh2 Nd7 15.
f4 b5 16. fxe5 Nxe5 17. Bd4 Bf6 18. Nf4 g6 19. b3 b4 20. a3 a5 21. axb4 Ba6 22.
c4 axb4 23. Ra4 Bxc4 24. Rxa8 Qxa8 25. bxc4 Qa2 26. Qe2 Qb3 27. Bxe5 Bxe5 28.
Qd3 Qa2 29. Rb1 Qa3 30. Rb3 Qc1 31. Ne2 Qe1 32. Rb1 Qf2 33. Rxb4 Re8 34. Qf3
Qe1 35. Rb7 f5 36. Nf4 Bd4 37. Qf1 Qe3 38. Ne6 f4 39. gxf4 Ra8 40. Nxd4 Qxd4
41. Rb1 Rf8 42. Rd1 {Aufgabe Schwarz} 1-0

[Event "DVM U14 2017"]
[Site "Verden/Aller GER"]
[Date "2017.12.28"]
[Round "4"]
[White "Brockhoff, Moritz"]
[Black "Schade, Johannes"]
[Result "1-0"]
[Termination "normal"]
[Board "8.2"]
[WhiteElo "1765"]
[BlackElo "1379"]
[WhiteTeam "SK Blauer Springer Paderborn"]
[BlackTeam "SV Dresden-Striesen"]
[PlyCount "53"]
[WhiteFideId "16214927"]
[BlackFideId "12958581"]
[EventCountry "GER"]
[EventRounds "7"]
[EventType "team-swiss"]
[EventDate "2017.12.26"]

1. e4 c5 2. f4 Nf6 3. e5 Nd5 4. g3 b6 5. Bg2 Bb7 6. Nf3 Nc6 7. O-O e6 8. c4 Nc7
9. Nc3 Na5 10. b3 d5 11. d3 Be7 12. Bb2 d4 13. Nb1 a6 14. Nfd2 Bc6 15. Ne4 Rb8
16. Nbd2 b5 17. Ba3 Nb7 18. Nd6+ Kd7 19. Bxc6+ Kxc6 20. Nxf7 Qf8 21. Nxh8 Qf5
22. Qf3+ Kd7 23. Rae1 Qf8 24. g4 Qxh8 25. f5 Na5 26. fxe6+ Nxe6 27. Qd5+ {
Aufgabe Schwarz} 1-0

[Event "DVM U14 2017"]
[Site "Verden/Aller GER"]
[Date "2017.12.28"]
[Round "4"]
[White "Richter, Kevin"]
[Black "Janke, Julian"]
[Result "0-1"]
[Termination "normal"]
[Board "8.3"]
[WhiteElo "1352"]
[BlackElo "1587"]
[WhiteTeam "SV Dresden-Striesen"]
[BlackTeam "SK Blauer Springer Paderborn"]
[PlyCount "68"]
[WhiteFideId "16255720"]
[BlackFideId "16229185"]
[EventCountry "GER"]
[EventRounds "7"]
[EventType "team-swiss"]
[EventDate "2017.12.26"]

1. d4 d5 2. c4 c6 3. Nc3 Nf6 4. e3 Bf5 5. Nf3 e6 6. Bd2 Qb6 7. Na4 Qc7 8. cxd5
exd5 9. Nc3 Bd6 10. g3 Nbd7 11. Bg2 O-O 12. O-O Ne4 13. Nxe4 Bxe4 14. Ne1 Nf6
15. Bxe4 Nxe4 16. Ng2 b5 17. f3 Nf6 18. Qc2 Rfe8 19. Rfe1 c5 20. Rac1 Rac8 21.
dxc5 Bxc5 22. Qd3 Qb6 23. Bc3 a6 24. Kh1 Red8 25. Red1 h6 26. Qd2 b4 27. Bxf6
Qxf6 28. f4 d4 29. e4 Qe6 30. Qe2 Qxa2 31. Ra1 d3 32. Rxa2 dxe2 33. Rxd8+ Rxd8
34. Ra1 Rd1+ {Aufgabe Weiß} 0-1

[Event "DVM U14 2017"]
[Site "Verden/Aller GER"]
[Date "2017.12.28"]
[Round "4"]
[White "Matthiessen, Linus"]
[Black "Hiller, Klemens"]
[Result "1/2-1/2"]
[Termination "normal"]
[Board "8.4"]
[WhiteElo "1293"]
[BlackElo "1174"]
[WhiteTeam "SK Blauer Springer Paderborn"]
[BlackTeam "SV Dresden-Striesen"]
[PlyCount "60"]
[WhiteFideId "16222555"]
[BlackFideId "16255739"]
[EventCountry "GER"]
[EventRounds "7"]
[EventType "team-swiss"]
[EventDate "2017.12.26"]

1. d4 d5 2. Bf4 Nf6 3. Nf3 e6 4. e3 b6 5. c3 Bb7 6. Bd3 Nbd7 7. Qc2 c5 8. Bb5
a6 9. Bxd7+ Qxd7 10. Ne5 Qd8 11. a4 c4 12. a5 b5 13. Nd2 Nd7 14. Nxd7 Qxd7 15.
Nf3 Bd6 16. Bxd6 Qxd6 17. Ne5 f6 18. Nf3 Bc6 19. b4 cxb3 20. Qxb3 Rc8 21. Qb4
Ke7 22. Kd2 Qxb4 23. cxb4 Be8 24. Rhc1 Bg6 25. Nh4 Bf7 26. Rc5 g5 27. Nf3 Kd7
28. Rac1 Bg6 29. Ne1 h6 30. Nd3 Bxd3 1/2-1/2

[Event "DVM U14 2017"]
[Site "Verden/Aller GER"]
[Date "2017.12.28"]
[Round "4"]
[White "Haller, Luis"]
[Black "Waffenschmidt, Lars"]
[Result "0-1"]
[Termination "normal"]
[Board "9.1"]
[WhiteElo "1711"]
[BlackElo "1715"]
[WhiteTeam "SF Konz-Karthaus"]
[BlackTeam "SK Bebenhausen"]
[PlyCount "89"]
[WhiteFideId "16209826"]
[BlackFideId "16244656"]
[EventCountry "GER"]
[EventRounds "7"]
[EventType "team-swiss"]
[EventDate "2017.12.26"]

1. e4 e5 2. Nf3 Nc6 3. Bb5 a6 4. Ba4 Nf6 5. O-O Be7 6. Re1 b5 7. Bb3 O-O 8. h3
d6 9. c3 Na5 10. Bc2 c5 11. d4 exd4 12. cxd4 Bb7 13. Nbd2 Re8 14. Nf1 Bf8 15.
Ng3 g6 16. Bg5 h6 17. Bf4 Nc6 18. a4 Bg7 19. axb5 axb5 20. Rxa8 Bxa8 21. dxc5
dxc5 22. Qxd8 Rxd8 23. Rd1 Rxd1+ 24. Bxd1 Nb4 25. Bd6 Nxe4 26. Nxe4 Bxe4 27.
Bxc5 Nd3 28. b4 Bc3 29. Be2 Nxc5 30. bxc5 b4 31. Bd1 Bd5 32. Kf1 b3 33. c6 Bc4+
34. Kg1 Ba5 35. c7 Bxc7 36. Nd2 b2 37. Bc2 Bb5 38. f3 Bb6+ 39. Kh2 Kg7 40. g3
g5 41. Ne4 f5 42. Nc3 Bd7 43. Nd5 Bc5 44. Nc3 Kf6 45. Nd1 {Aufgabe Weiß} 0-1

[Event "DVM U14 2017"]
[Site "Verden/Aller GER"]
[Date "2017.12.28"]
[Round "4"]
[White "Marx, Benedikt"]
[Black "Gatkewicz, Maurizio"]
[Result "0-1"]
[Termination "normal"]
[Board "9.2"]
[WhiteElo "1387"]
[BlackElo "1642"]
[WhiteTeam "SK Bebenhausen"]
[BlackTeam "SF Konz-Karthaus"]
[PlyCount "106"]
[WhiteFideId "16255690"]
[BlackFideId "16255658"]
[EventCountry "GER"]
[EventRounds "7"]
[EventType "team-swiss"]
[EventDate "2017.12.26"]

1. e4 e6 2. d4 d5 3. e5 c5 4. Nf3 Nc6 5. Be3 Qb6 6. dxc5 Bxc5 7. Bxc5 Qxc5 8.
c3 Nge7 9. Nbd2 Ng6 10. Nb3 Qb6 11. Qe2 Qc7 12. Qd2 Ncxe5 13. Be2 O-O 14. O-O
Nc4 15. Bxc4 Qxc4 16. Rfe1 Qf4 17. Qxf4 Nxf4 18. Rad1 Bd7 19. Nbd4 Bc6 20. Ne5
Rac8 21. h3 Ng6 22. Nef3 Rfe8 23. Ne2 Bb5 24. Nc1 Bc4 25. a3 f6 26. g3 Bb5 27.
Nd4 Bd7 28. Rd2 Ne5 29. Kg2 Nc4 30. Rde2 e5 31. Nf3 Bb5 32. Rc2 d4 33. Ree2
Nxa3 34. bxa3 Bxe2 35. Nxe2 d3 36. Rd2 dxe2 37. Rxe2 Rxc3 38. Rb2 Rxa3 39. Rxb7
a5 40. Ra7 e4 41. Nd4 e3 42. fxe3 Rexe3 43. h4 Rxg3+ 44. Kf2 Rgc3 45. Ne2 Rc2
46. Re7 Kf8 47. Re4 f5 48. Rf4 g6 49. h5 Raa2 50. hxg6 hxg6 51. Ke3 Rxe2+ 52.
Kd3 Red2+ 53. Kc4 Ra4+ {Aufgabe Weiß} 0-1

[Event "DVM U14 2017"]
[Site "Verden/Aller GER"]
[Date "2017.12.28"]
[Round "4"]
[White "Biermann, Sophie"]
[Black "Öz, Mert"]
[Result "1-0"]
[Termination "normal"]
[Board "9.3"]
[WhiteElo "1594"]
[BlackElo "1379"]
[WhiteTeam "SF Konz-Karthaus"]
[BlackTeam "SK Bebenhausen"]
[PlyCount "63"]
[WhiteFideId "16208960"]
[BlackFideId "16255704"]
[EventCountry "GER"]
[EventRounds "7"]
[EventType "team-swiss"]
[EventDate "2017.12.26"]

1. e4 c5 2. Nc3 Nc6 3. f4 d6 4. Nf3 Nf6 5. Bc4 e6 6. d3 Be7 7. O-O O-O 8. h3 a6
9. a4 d5 10. Ba2 dxe4 11. Nxe4 Nxe4 12. dxe4 Qxd1 13. Rxd1 b6 14. Be3 Bb7 15.
Rd7 Rab8 16. c3 Rfd8 17. Rad1 Ba8 18. f5 exf5 19. exf5 Rb7 20. Rxd8+ Bxd8 21.
Ne5 Bf6 22. Nxc6 Rc7 23. Nd8 Re7 24. Bxf7+ Rxf7 25. Nxf7 Kxf7 26. Rd7+ Ke8 27.
Rd6 Ke7 28. Rxb6 Kd7 29. Rxa6 Bb7 30. Ra5 g6 31. fxg6 hxg6 32. Rxc5 {Aufgabe
Schwarz} 1-0

[Event "DVM U14 2017"]
[Site "Verden/Aller GER"]
[Date "2017.12.28"]
[Round "4"]
[White "Kocharin, Timur"]
[Black "Schilz, Tabea"]
[Result "0-1"]
[Termination "normal"]
[Board "9.4"]
[WhiteElo "1265"]
[BlackElo "1272"]
[WhiteTeam "SK Bebenhausen"]
[BlackTeam "SF Konz-Karthaus"]
[PlyCount "100"]
[WhiteFideId "16240936"]
[BlackFideId "16235312"]
[EventCountry "GER"]
[EventRounds "7"]
[EventType "team-swiss"]
[EventDate "2017.12.26"]

1. e4 d5 2. exd5 Qxd5 3. Nc3 Qa5 4. d4 c6 5. Nf3 Bf5 6. Bc4 Nf6 7. Bd2 Qc7 8.
O-O e6 9. Bg5 Nbd7 10. Re1 h6 11. Bh4 Bd6 12. Bg3 O-O 13. Bxd6 Qxd6 14. Ne5
Rad8 15. g4 Nxe5 16. dxe5 Qxd1 17. Rexd1 Nxg4 18. Re1 Rd2 19. f3 Nxh2 20. Be2
Nxf3+ 21. Bxf3 Rxc2 22. Re2 Rxe2 23. Bxe2 Rd8 24. Rd1 Rxd1+ 25. Bxd1 f6 26.
exf6 gxf6 27. Bb3 Kg7 28. Ne2 e5 29. Ng3 Bd3 30. Kf2 Kg6 31. Ke3 Bf5 32. Bd1
Kg5 33. Kf3 Bg4+ 34. Kg2 Bxd1 35. Ne4+ Kf5 36. Nd6+ Kg4 37. Nxb7 h5 38. Nc5 f5
39. Nd3 Bf3+ 40. Kf2 e4 41. Ne5+ Kf4 42. Ng6+ Kg5 43. Ne5 Bg4 44. Nxc6 h4 45.
Nxa7 Kf4 46. Nb5 e3+ 47. Ke1 h3 48. Nd4 h2 49. Ne6+ Kg3 50. Nd4 h1=R# 0-1

[Event "DVM U14 2017"]
[Site "Verden/Aller GER"]
[Date "2017.12.29"]
[Round "5"]
[White "Huber, Benedikt"]
[Black "Suvorov, Alexander"]
[Result "1/2-1/2"]
[Termination "normal"]
[Board "1.1"]
[WhiteElo "2015"]
[BlackElo "2126"]
[WhiteClock "00:23:33"]
[BlackClock "00:06:38"]
[WhiteTeam "SK München Südost"]
[BlackTeam "SG Porz"]
[PlyCount "66"]
[WhiteFideId "12923583"]
[BlackFideId "12977063"]
[EventCountry "GER"]
[EventRounds "7"]
[EventType "team-swiss"]
[EventDate "2017.12.26"]

1. d4 {[%clk 1:30:55]} d5 {[%clk 1:30:32]} 2. Bf4 {[%clk 1:30:14]} e6 {[%clk
1:30:09]} 3. e3 {[%clk 1:30:31]} c5 {[%clk 1:29:52]} 4. c3 {[%clk 1:30:22]} Qb6
{[%clk 1:29:28]} 5. Qb3 {[%clk 1:30:07]} Nf6 {[%clk 1:28:32]} 6. Qxb6 {[%clk
1:25:34]} axb6 {[%clk 1:28:55]} 7. Na3 {[%clk 1:25:51]} c4 {[%clk 1:23:34]} 8.
Nb5 {[%clk 1:24:41]} Na6 {[%clk 1:21:06]} 9. Nf3 {[%clk 1:14:27]} Nh5 {[%clk
1:10:03]} 10. Nd6+ {[%clk 1:12:35]} Ke7 {[%clk 1:08:55]} 11. Nxc8+ {[%clk
1:12:08]} Rxc8 {[%clk 1:09:20]} 12. Bg5+ {[%clk 1:11:18]} f6 {[%clk 1:05:55]}
13. Bh4 {[%clk 1:09:16]} g5 {[%clk 1:03:55]} 14. Bg3 {[%clk 1:07:44]} b5 {[%clk
0:00:07]} 15. a3 {[%clk 1:05:29]} Nxg3 {[%clk 0:56:39]} 16. hxg3 {[%clk
1:05:53]} g4 {[%clk 0:55:12]} 17. Nd2 {[%clk 1:03:57]} f5 {[%clk 0:54:31]} 18.
Be2 {[%clk 0:59:34]} Nb8 {[%clk 0:53:30]} 19. f3 {[%clk 0:54:09]} gxf3 {[%clk
0:52:14]} 20. gxf3 {[%clk 0:54:00]} Nc6 {[%clk 0:44:28]} 21. f4 {[%clk
0:47:52]} Bg7 {[%clk 0:42:31]} 22. Nf3 {[%clk 0:44:32]} Nd8 {[%clk 0:40:30]}
23. Kf2 {[%clk 0:38:33]} Bf6 {[%clk 0:37:47]} 24. Rh5 {[%clk 0:35:41]} Nf7
{[%clk 0:37:19]} 25. Ne5 {[%clk 0:36:03]} Bxe5 {[%clk 0:37:06]} 26. dxe5 {[%clk
0:32:22]} Rcg8 {[%clk 0:36:11]} 27. Rah1 {[%clk 0:31:13]} Rg7 {[%clk 0:35:52]}
28. Bd1 {[%clk 0:29:05]} h6 {[%clk 0:28:35]} 29. R5h3 {[%clk 0:29:04]} Ra8
{[%clk 0:27:14]} 30. Bh5 {[%clk 0:25:01]} Nd8 {[%clk 0:22:21]} 31. Be2 {[%clk
0:24:40]} Nf7 {[%clk 0:17:15]} 32. Bh5 {[%clk 0:23:27]} Nh8 {[%clk 0:09:44]}
33. Be2 {[%clk 0:23:33]} Nf7 {[%clk 0:06:38]} 1/2-1/2

[Event "DVM U14 2017"]
[Site "Verden/Aller GER"]
[Date "2017.12.29"]
[Round "5"]
[White "Suvorov, Luca"]
[Black "Lohvinov, Petro"]
[Result "1-0"]
[Termination "normal"]
[Board "1.2"]
[WhiteElo "2079"]
[BlackElo "1854"]
[WhiteClock "00:03:23"]
[BlackClock "00:02:05"]
[WhiteTeam "SG Porz"]
[BlackTeam "SK München Südost"]
[PlyCount "149"]
[WhiteFideId "12977071"]
[BlackFideId "14176661"]
[EventCountry "GER"]
[EventRounds "7"]
[EventType "team-swiss"]
[EventDate "2017.12.26"]

1. d4 {[%clk 1:30:58]} Nf6 {[%clk 1:30:50]} 2. c4 {[%clk 1:31:25]} g6 {[%clk
1:31:05]} 3. g3 {[%clk 1:30:38]} Bg7 {[%clk 1:31:05]} 4. Bg2 {[%clk 1:31:03]}
O-O {[%clk 1:30:55]} 5. Nc3 {[%clk 1:31:29]} d6 {[%clk 1:30:35]} 6. Nf3 {[%clk
1:31:45]} Nbd7 {[%clk 1:30:04]} 7. O-O {[%clk 1:32:00]} e5 {[%clk 1:29:10]} 8.
e4 {[%clk 1:31:33]} exd4 {[%clk 1:26:59]} 9. Nxd4 {[%clk 1:31:52]} Re8 {[%clk
1:26:50]} 10. h3 {[%clk 1:32:10]} Nc5 {[%clk 1:26:47]} 11. Re1 {[%clk 1:31:48]}
c6 {[%clk 1:25:45]} 12. Qc2 {[%clk 1:20:35]} a5 {[%clk 1:23:35]} 13. Be3 {[%clk
1:20:34]} a4 {[%clk 1:21:46]} 14. Rad1 {[%clk 1:16:28]} Nfd7 {[%clk 1:17:20]}
15. f4 {[%clk 0:55:06]} Qa5 {[%clk 1:07:40]} 16. Bf2 {[%clk 0:48:24]} a3 {[%clk
1:05:40]} 17. b3 {[%clk 0:44:58]} Na6 {[%clk 0:55:59]} 18. Nde2 {[%clk
0:28:36]} Nb4 {[%clk 0:54:18]} 19. Qd2 {[%clk 0:27:30]} Nc5 {[%clk 0:47:41]}
20. Bxc5 {[%clk 0:12:06]} Qxc5+ {[%clk 0:47:45]} 21. Kh2 {[%clk 0:11:57]} Qh5
{[%clk 0:19:39]} 22. Na4 {[%clk 0:03:24]} Qa5 {[%clk 0:14:40]} 23. Nc1 {[%clk
0:02:03]} Be6 {[%clk 0:10:11]} 24. Nc3 {[%clk 0:00:59]} Rad8 {[%clk 0:08:09]}
25. N3e2 {[%clk 0:01:11]} Qc5 {[%clk 0:06:59]} 26. Nd3 {[%clk 0:01:08]} Nxd3
{[%clk 0:07:11]} 27. Qxd3 {[%clk 0:01:37]} f5 {[%clk 0:03:55]} 28. Nd4 {[%clk
0:00:46]} fxe4 {[%clk 0:02:47]} 29. Rxe4 {[%clk 0:00:47]} Bxd4 {[%clk 0:01:42]}
30. Rxd4 {[%clk 0:01:02]} Bf5 {[%clk 0:01:49]} 31. Qd2 {[%clk 0:01:08]} Re7
{[%clk 0:00:35]} 32. b4 {[%clk 0:00:58]} Qa7 {[%clk 0:00:35]} 33. g4 {[%clk
0:00:57]} Be6 {[%clk 0:00:43]} 34. f5 {[%clk 0:00:45]} Bf7 {[%clk 0:00:40]} 35.
Rxd6 {[%clk 0:00:35]} Qb8 {[%clk 0:00:38]} 36. c5 {[%clk 0:00:49]} Red7 {[%clk
0:00:44]} 37. Kg1 {[%clk 0:00:52]} Rxd6 {[%clk 0:00:50]} 38. cxd6 {[%clk
0:01:21]} Rd7 {[%clk 0:00:35]} 39. Be4 {[%clk 0:00:42]} Qa7+ {[%clk 0:00:33]}
40. Kg2 {[%clk 0:00:59]} Qb8 {[%clk 0:00:33]} 41. Qd3 {[%clk 0:16:20]} Qe8
{[%clk 0:29:52]} 42. Rd2 {[%clk 0:15:43]} Qe5 {[%clk 0:29:00]} 43. Bf3 {[%clk
0:09:33]} Qf4 {[%clk 0:27:19]} 44. fxg6 {[%clk 0:06:43]} Bxg6 {[%clk 0:24:50]}
45. Qb3+ {[%clk 0:03:34]} Bf7 {[%clk 0:24:20]} 46. Qd3 {[%clk 0:03:37]} Bg6
{[%clk 0:23:14]} 47. Qd4 {[%clk 0:02:07]} Qxd4 {[%clk 0:22:39]} 48. Rxd4 {[%clk
0:02:35]} Kf7 {[%clk 0:22:39]} 49. b5 {[%clk 0:01:21]} Ke6 {[%clk 0:19:49]} 50.
bxc6 {[%clk 0:00:44]} bxc6 {[%clk 0:20:10]} 51. Ra4 {[%clk 0:00:34]} Rxd6
{[%clk 0:19:17]} 52. Rxa3 {[%clk 0:01:02]} c5 {[%clk 0:15:45]} 53. Re3+ {[%clk
0:00:52]} Kd7 {[%clk 0:15:38]} 54. Rc3 {[%clk 0:00:55]} Rd2+ {[%clk 0:15:47]}
55. Kg3 {[%clk 0:01:17]} Kd6 {[%clk 0:13:06]} 56. a3 {[%clk 0:01:17]} Rd3
{[%clk 0:11:54]} 57. Rxd3+ {[%clk 0:01:23]} Bxd3 {[%clk 0:12:19]} 58. Kf4
{[%clk 0:01:46]} c4 {[%clk 0:12:11]} 59. Ke3 {[%clk 0:01:58]} Kc5 {[%clk
0:11:39]} 60. Be4 {[%clk 0:01:10]} Bf1 {[%clk 0:11:55]} 61. h4 {[%clk 0:01:29]}
h6 {[%clk 0:11:54]} 62. h5 {[%clk 0:00:47]} Kd6 {[%clk 0:07:54]} 63. g5 {[%clk
0:00:49]} Ke7 {[%clk 0:08:01]} 64. gxh6 {[%clk 0:00:54]} Kf6 {[%clk 0:07:55]}
65. Kd4 {[%clk 0:01:00]} Be2 {[%clk 0:07:38]} 66. a4 {[%clk 0:00:37]} Bxh5
{[%clk 0:06:41]} 67. Kxc4 {[%clk 0:00:51]} Be2+ {[%clk 0:06:37]} 68. Bd3 {[%clk
0:00:54]} Bf3 {[%clk 0:05:14]} 69. a5 {[%clk 0:01:06]} Bc6 {[%clk 0:02:48]} 70.
Kc5 {[%clk 0:01:20]} Bf3 {[%clk 0:01:53]} 71. a6 {[%clk 0:01:43]} Kf7 {[%clk
0:01:35]} 72. Bc4+ {[%clk 0:01:59]} Kg6 {[%clk 0:01:42]} 73. Bd5 {[%clk
0:02:28]} Bxd5 {[%clk 0:01:46]} 74. Kxd5 {[%clk 0:02:57]} Kxh6 {[%clk 0:02:05]}
75. a7 {[%clk 0:03:23]} 1-0